KOHA-Header-6

Loud and Clear (Record no. 2880)

000 -LEADER
fixed length control field 00344nam a2200145Ia 4500
003 - CONTROL NUMBER IDENTIFIER
control field MAJU-Karachi
005 - DATE AND TIME OF LATEST TRANSACTION
control field 20210208145941.0
008 - FIXED-LENGTH DATA ELEMENTS--GENERAL INFORMATION
fixed length control field 190902s9999||||xx |||||||||||||| ||und||
040 ## - CATALOGING SOURCE
Transcribing agency DLC
100 ## - MAIN ENTRY--PERSONAL NAME
Personal name Morrisey,George L.
245 #0 - TITLE STATEMENT
Title Loud and Clear
260 ## - PUBLICATION, DISTRIBUTION, ETC. (IMPRINT)
Place of publication, distribution, etc California,
Name of publisher, distributor, etc Addison -Wesley
Date of publication, distribution, etc 1997
300 ## - PHYSICAL DESCRIPTION
Extent 201P.:
942 ## - ADDED ENTRY ELEMENTS (KOHA)
Koha item type Books
Source of classification or shelving scheme
Holdings
Withdrawn status Lost status Source of classification or shelving scheme Damaged status Not for loan Collection code Permanent Location Current Location Shelving location Date acquired Full call number Barcode Date last seen Price effective from Koha item type
          English Literature MAJU MAJU Shelf No.A14 2019-09-02 651.73 6548 2019-09-02 2019-09-02 English Literature

Powered by Koha